| 000 | 01590cam a22003734a 4500 | ||
|---|---|---|---|
| 005 | 20260322212024.0 | ||
| 008 | data | ||
| 010 | _a 99058440 | ||
| 020 | _a0805061967 (HC : alk. paper) | ||
| 020 | _a9780805061963 (HC : alk. paper) | ||
| 040 |
_aDLC _cDLC _dDLC |
||
| 042 |
_alcac _alcac |
||
| 050 | 0 | 0 |
_aGV1218.5 _b.W85 2000 |
| 082 | 0 | 0 |
_a688.7/2/09 _221 |
| 092 | _a688.7 W85 2000 | ||
| 100 | 1 | _aWulffson, Don L. | |
| 245 | 1 | 0 |
_aToys! : _bamazing stories behind some great inventions / _cDon L. Wulffson. |
| 250 | _a1st ed. | ||
| 260 |
_aNew York : _bH. Holt, _c2000. |
||
| 300 |
_a137 p. : _bill. ; _c24 cm. |
||
| 504 | _aIncludes bibliographical references (p. 135-136). | ||
| 520 | _aDescribes the creation of a variety of toys and games, from seesaws to Silly Putty and toy soldiers to Trivial Pursuit. | ||
| 650 | 0 |
_aToys _xHistory _vJuvenile literature. |
|
| 650 | 0 |
_aInventions _xHistory _vJuvenile literature. |
|
| 650 | 1 | _aToys. | |
| 650 | 1 | _aInventions. | |
| 856 | 4 | 2 |
_3Contributor biographical information _uhttp://www.loc.gov/catdir/bios/hol056/99058440.html |
| 856 | 4 | 2 |
_3Publisher description _uhttp://www.loc.gov/catdir/description/hol057/99058440.html |
| 906 |
_a7 _bcbc _corignew _d1 _eocip _f19 _gy-gencatlg |
||
| 925 | 0 |
_aacquire _b2 shelf copies _xpolicy default |
|
| 001 | data | ||
| 999 |
_c541 _d541 |
||